Sentencias destacadas 2004: una mirada desde la perspectiva de las políticas públicas. Corte Suprema, Tribunal Costitucional, Tribunal de Libre Competencia

Salvato in:
Dettagli Bibliografici
Autori principali: Fermandois Vohringer, Arturo (Autore), Soto Velasco, Sebastián (Autore)
Natura: Libro
Lingua:spagnolo
Pubblicazione: Santiago Libertad y Desarrollo 2005
Edizione:1a. ed
Serie:Anuario de Jurisprudencia
Soggetti:
Tags: Aggiungi Tag
Nessun Tag, puoi essere il primo ad aggiungerne!!

MARC

LEADER 00000nam a2200000 a 4500
001 UCK5618
003 CL-VaPUC
008 050805e20050500cl |||||||||||||||||spa|d
020 |a 9567183198 
082 0 4 |a 347.83077  |b FER  |2 21 
100 |a Fermandois Vohringer, Arturo  |e author  |9 570380 
700 0 |a Soto Velasco, Sebastián  |e author  |9 494487 
245 1 0 |a Sentencias destacadas 2004: una mirada desde la perspectiva de las políticas públicas. Corte Suprema, Tribunal Costitucional, Tribunal de Libre Competencia 
250 |a 1a. ed 
300 |a 314 p 
942 |c BK 
945 |d 20050805 00:00:00  |a jcarroza 
260 |a Santiago  |b Libertad y Desarrollo  |c 2005 
650 0 |a Sentencias  |9 256250 
650 7 |a FALLOS  |2 CL-VaPUC  |9 494488 
650 7 |a DERECHO PENAL  |2 CL-VaPUC  |9 11 
650 0 |a Reforma procesal penal   |9 471095 
651 7 |a CHILE  |2 CL-VaPUC  |9 494489 
583 |a last modification  |c 20171120 06:39:41  |k Rodrigo Vera 
490 0 |a Anuario de Jurisprudencia 
999 |c 314119  |d 314117 
952 |0 0  |1 0  |4 0  |6 347_830770000000000_FER_2005  |7 0  |8 A  |9 386047  |a BIBDER  |b BIBDER  |d 2019-11-22  |i 4151046  |o 347.83077 FER 2005  |p 4151046  |r 2023-01-25  |w 2019-11-22  |y BK  |k DER